Postavenie Veľkej Británie v európskom integračnom procese diplomová práca

Salvato in:
Dettagli Bibliografici
Autore principale: Burdanová, Naďa
Ente Autore: Obchodná fakulta EU. Katedra medzinárodného obchodu
Altri autori: Kosír, Igor
Natura: Libro
Lingua:slovacco
Pubblicazione: Bratislava 2008
Tags: Aggiungi Tag
Nessun Tag, puoi essere il primo ad aggiungerne!!

MARC

LEADER 00000nam$a2200000$$$4500
001 0085729
005 20240201120048.7
041 0 |a slo 
044 |a SK 
245 1 0 |a Postavenie Veľkej Británie v európskom integračnom procese  |b diplomová práca  |c Naďa Burdanová ; škol. Igor Kosír 
264 1 |a Bratislava  |c 2008 
300 |a 87 s. 
100 1 |a Burdanová, Naďa 
700 1 |a Kosír, Igor 
710 2 |a Obchodná fakulta EU. Katedra medzinárodného obchodu